| 000 | 00599cam a22002053a 4500 | ||
|---|---|---|---|
| 001 | 43907 | ||
| 003 | PGUSA | ||
| 005 | 20140828084012.0 | ||
| 008 | 131008s2013||||xxu|||||s|||||000 | eng d | ||
| 040 |
_aPGUSA _beng |
||
| 042 | _adc | ||
| 100 | 1 | _aEmerson, Alice B. | |
| 245 | 1 | 0 |
_aBetty Gordon at Bramble Farm : _bThe Mystery of a Nobody _h[electronic resource] / _cAlice B. Emerson |
| 260 |
_bProject Gutenberg, _c2013 |
||
| 506 | _aPublic domain in the USA. | ||
| 516 | _aElectronic text | ||
| 830 | 0 |
_aProject Gutenberg _v43907 |
|
| 856 | 4 | 0 | _uhttp://www.gutenberg.org/ebooks/43907 |
| 942 | _cEB | ||
| 999 |
_c273158 _d273158 |
||